000 00511nam a2200181 i 4500
001 bgj
100 1 _aJENS, Walter.
245 1 0 _aDeutschen Literatur den Gegenwart :
_bThemen, Stile, Tendenzen /
_cWalter Jens.
260 _aMünchen :
_bR. Piper und Co. Verlag,
_ccop. 1961.
300 _a156, [1] s. ;
_c21 cm.650
650 9 _aLiteratura niemiecka
_xhistoria
040 _cBPK
041 0 _ager
044 _aDEU
080 _a821.112.2(091)
942 _cKS
008 s gw f |000 0 ger
999 _c50319
_d50319
856 _uhttp://koha.tu.koszalin.pl/cgi-bin/koha/opac-detail.pl?biblionumber=50319
_yKatalog online BPK